Zagraniczni żużlowcy występujący w klubie z Gdańska - Statystyki

Ogólne statystyki
  • Ten quiz został rozwiązany 75 razy
  • Średni wynik to 27 z 65
Statystyki odpowiedzi
Narodowość Lata startów Odpowiedź % Poprawnych
Dania 2005,07-08 Bjarne Pedersen
86%
Dania 2001,12 Nicki Pedersen
86%
USA 2005 Greg Hancock
78%
Dania 2016-18 Anders Thomsen
73%
Słowacja 2009 Martin Vaculik
73%
Szwecja 2014 Fredrik Lindgren
70%
Dania 2018 Mikkel Michelsen
70%
Rosja 2021 Wiktor Kułakow
70%
Australia 2011 Darcy Ward
68%
Dania 2017-20 Mikkel Bech
65%
Dania 2020-21 Rasmus Jensen
62%
Rosja 2008-17 Renat Gafurov
62%
Szwecja 2008-11,15-16 Magnuz Zetterstroem
59%
Dania 2009 Hans Andersen
57%
Czechy 2010 Matej Kus
57%
Dania 2004, 09 Kenneth Bjerre
54%
Wielka Brytania 1991-96 Marvyn Cox
54%
Szwecja 1999-00 Tony Rickardsson
54%
Szwecja 2019-20 Jacob Thorssell
51%
Łotwa 2012 Maksim Bogdanov
51%
Nowa Zelandia 2019 Bradley Wilson-Dean
49%
Finlandia 2001, 03 Kai Laukkanen
49%
Dania 2014 Leon Madsen
49%
Szwecja 2000 Daniel Andersson
46%
Szwecja 2019 Joel Kling
46%
USA 1998 Sam Ermolenko
46%
Ukraina 2007-08 Andriej Karpow
43%
Niemcy 2021 Lukas Fienhage
43%
Szwecja 2002 Stefan Andersson
43%
Szwecja 2010-14 Thomas Jonasson
43%
Bułgaria 1996 Georgi Petranov
41%
Ukraina 1997 Igor Marko
41%
Wielka Brytania 1991 John Davis
41%
Wielka Brytania 2021 Drew Kemp
38%
Czechy 2015-16 Eduard Krcmar
38%
Szwecja 2002 Henrik Gustafsson
38%
Finlandia 2009 Joonas Kylmaekorpi
38%
Nowa Zelandia 1991 Tony Briggs
38%
Dania 2020 Peter Kildemand
35%
Węgry 2000 Sandor Tihanyi
35%
Wielka Brytania 1992-96 Steve Schofield
35%
Australia 1997 Todd Wiltshire
35%
Łotwa 2002 Andriej Korolew
32%
Dania 1998 John Jorgensen
32%
Szwecja 2011 Mikael Max
32%
Dania 2018 Patrick Hougaard
32%
Wielka Brytania 2006-07 Andy Smith
30%
Australia 2017 Troy Batchelor
30%
Rosja 2021 Aleksandr Kajbuszev
24%
Wielka Brytania 2007 Chris Louis
24%
Wielka Brytania 1995-96 David Norris
24%
Ukraina 2008-10 Andriej Kobrin
22%
Finlandia 1991-92 Juha Moksunen
22%
Szwecja 2019 Kim Nilsson
22%
Szwecja 2016-17 Linus Sundstroem
22%
Niemcy 1999 Robert Barth
22%
Niemcy 2008-10 Tobias Kroner
22%
Dania 2004 Brian Karger
19%
Dania 2008 Charlie Gjedde
19%
Szwecja 2007-08 Billy Forsberg
14%
Czechy 1993-94 Jiri Stancl
14%
Wielka Brytania 2008 Josh Auty
14%
Rosja 2006 Lenar Nigmatzjanow
14%
Szwecja 2003 Freddie Eriksson
11%
Szwecja 2013 Mathias Thornbloem
11%
Nie znaleziono quizów pasujących do podanych kryteriów
Rozkład punktacji
Procent ludzi z każdym wynikiem
Percentyl według liczby udzielonych odpowiedzi
Twoja historia wyników
Nie rozwiązałeś tego quizu